French Unit 1 - Statistics

General Stats
  • This quiz has been taken 9 times
  • The average score is 13 of 28
Answer Stats
Hint Answer % Correct
Good Evening Bonsoir
100%
Goodbye Au revoir
89%
Hello Bonjour
89%
My name is... Je m'appelle
78%
Day Jour
67%
Hello / Goodbye Salut
67%
Sunday Dimanche
56%
And you (formal)? Et vous?
56%
Monday Lundi
56%
Wednesday Mercredi
56%
Week Semaine
56%
Friday Vendredi
56%
How are you? Ça va?
44%
And you (informal)? Et toi?
44%
Thursday Jeudi
44%
Tuesday Mardi
44%
Saturday Samedi
44%
What is this? Qu'est-ce que c'est?
33%
Notebook Un cahier
22%
Pencil Un crayon
22%
Chair Une chaise
22%
Table Une table
22%
Tablet Une tablette
22%
Book Un livre
22%
Computer Un ordinateur
22%
Smarthpone Un smartphone
22%
Pen Un stylo
22%
Blackboard Un tableau
22%
No matching quizzes found
Score Distribution
Percent of People with Each Score
Percentile by Number Answered
Your Score History
You have not taken this quiz